Chernobyl = Chernobyl /
Gorde:
| Egile nagusia: | |
|---|---|
| Beste egile batzuk: | , , , , , , , , , |
| Formatua: | |
| Hizkuntza: | ingelesa |
| Gaiak: | |
| Etiketak: |
Etiketarik gabe, Izan zaitez lehena erregistro honi etiketa jartzen!
|
MARC
| LEADER | 00000ngm^a2200000^a^4500 | ||
|---|---|---|---|
| 001 | 000432303 | ||
| 005 | 20250521000000.0 | ||
| 008 | 211008 20192019 | ||
| 009 | 20260310123010.904 | ||
| 037 | |a Acervo ITESO - Biblioteca | ||
| 041 | |a ING | ||
| 082 | |a 363. 179909477 |b MAZ | ||
| 100 | |a Mazin, Craig |e (idea original) | ||
| 240 | 1 | 1 | |a [Voces de Chérnobil] |
| 240 | 1 | 1 | |a [Voces de Chérnobil. Adaptaciones] |
| 245 | 1 | 0 | |a Chernobyl = |b Chernobyl / |c Idea original de C. Mazin ; producción de S. Wohlenberg ; realización de J. Renck. |
| 264 | 2 | |a Los Angeles, EUA : |b Warner Brothers [distribución], |c 2019, c2019 | |
| 300 | |a 2 blu-rays regiones A, B y C (321 min.) : |b color | ||
| 336 | |a imagen móvil bidimensional |b tdi |2 rdacontenido | ||
| 337 | |a video |b v |2 rdamedio | ||
| 338 | |a videodisco |b vd |2 rdasoporte | ||
| 500 | |a Basado en: Voces de Chérnobil, de Svetlana Aleksievich | ||
| 546 | |a En inglés, con subtítulos opcionales: español, inglés, francés, checo, danés, holandés, finlandés, noruego, sueco | ||
| 546 | |a Doblaje opcional: español, francés, checo | ||
| 649 | |a XX | ||
| 650 | |a Mineros en la Televisión | ||
| 650 | |a Bomberos en la Televisión | ||
| 650 | |a Científicos en la Televisión | ||
| 650 | |a Políticos en la Televisión | ||
| 650 | |a Miniseries | ||
| 650 | |a Series Históricas | ||
| 650 | |a Series Dramáticas | ||
| 650 | |a Series de Televisión | ||
| 650 | |a Televisión - |z EUA - |y 2010-2019 | ||
| 650 | |a Televisión - |z EUA - |y Siglo XXI | ||
| 650 | |a Crónicas Bielorrusas - |x Adaptaciones para Televisión | ||
| 650 | |a Literatura Bielorrusa - |y Siglo XX - |x Adaptaciones para Televisión | ||
| 650 | |a Literatura y Televisión | ||
| 650 | |a Desastres Nucleares - |z Chernobil, Ucrania - |x Historia - |y Gorbachov, 1985-1991 - |x Tema Principal | ||
| 650 | |a Desastres Nucleares - |z Ucrania - |x Historia - |y Gorbachov, 1985-1991 | ||
| 650 | |a Plantas Nucleares - |z Chernobil, Ucrania - |x Historia - |y Gorbachov, 1985-1991 - | ||
| 650 | |a Plantas Nucleares - |z Ucrania - |x Historia - |y Gorbachov, 1985-1991 - | ||
| 650 | |a Contaminación Radiactiva - |z Chernobil, Ucrania - |x Historia - |y Gorbachov, 1985-1991 - | ||
| 650 | |a Contaminación Radiactiva - |z Ucrania - |x Historia - |y Gorbachov, 1985-1991 - | ||
| 650 | |a Chernobil, Ucrania - |x Historia - |y Gorbachov, 1985-1991 | ||
| 650 | |a Chernobil, Ucrania - |x Historia - |y URSS, 1922-1991 | ||
| 650 | |a Chernobil, Ucrania - |x Historia - |y Siglo XX | ||
| 650 | |a Ucrania - |x Historia - |y Gorbachov, 1985-1991 | ||
| 650 | |a Ucrania - |x Historia - |y URSS, 1922-1991 | ||
| 650 | |a Ucrania - |x Historia - |y Siglo XX | ||
| 650 | |a Rusia - |x Historia - |y Gorbachov, 1985-1991 | ||
| 650 | |a Rusia - |x Historia - |y URSS, 1922-1991 | ||
| 650 | |a Rusia - |x Historia - |y Siglo XX | ||
| 700 | |a Wohlenberg, Sanne |e (producción) | ||
| 700 | |a Renck, Johan |e (realización) | ||
| 700 | |a Ihre, Jakob |e (fotógrafo) | ||
| 700 | |a Dicks-Mireaux, Odile |e (vestuario) | ||
| 700 | |a Godfrey, Jinx |e (montaje) | ||
| 700 | |a Smith, Simon |e (montaje) | ||
| 700 | |a Guðnadóttir, Hildur |e (música) | ||
| 700 | |a Harris, Jared |e (actuación) | ||
| 700 | |a Skarsgård, Stellan |e (actuación) | ||
| 700 | |a Watson, Emily |e (actuación) | ||
| 910 | |a Fondo General | ||
| 920 | |a Audiovisuales - Blu-rays | ||
| 905 | |a 303 | ||
| 901 | |a 0500349710 |b IT2 |c BRS |i C172425 |u 20250521 | ||
| 901 | |a 0500349713 |b IT2 |c BRS |i C172426 |u 20250521 | ||
| 902 | |a https://opac.biblio.iteso.mx/vufind/Record/000432303 | ||